000 00294nam a2200109Ia 4500
008 200302s9999 xx 000 0 und d
100 _aJohn E. Ball
245 _aLight Construction Techniques from Foundation To Finish
260 _bReston Publishing Company
260 _c1989
300 _a408 P.,
999 _c2264
_d2264